| 000 | 00501nam a2200217Ia 4500 | ||
|---|---|---|---|
| 005 | 20250425162446.0 | ||
| 008 | 250425s9999 xx 000 0 und d | ||
| 020 | _a0295964359 | ||
| 041 | _aeng | ||
| 082 | _a639.3 | ||
| 245 | 0 | _aPOPULATION GENETICS & FISHERY MANAGEMENT | |
| 250 | _aS.E. | ||
| 260 |
_aEstados Unidos _bS.E. _c1987 |
||
| 260 | _aWASHINGTON | ||
| 300 | _a420 | ||
| 650 | _aGENETICA | ||
| 650 | _aPECES-HISTOLOGIA | ||
| 650 | _aPESQUERIA | ||
| 942 | _c01 | ||
| 010 | _a75537 | ||
| 999 |
_c229645 _d229645 |
||